Normal view MARC view

Entry Personal Name

Number of records used in: 2

001 - CONTROL NUMBER

  • control field: 1465

003 - CONTROL NUMBER IDENTIFIER

  • control field: DLC

005 - DATE AND TIME OF LATEST TRANSACTION

  • control field: 20200123113903.0

008 - FIXED-LENGTH DATA ELEMENTS

  • fixed length control field: 800208n| azannaabn |a aaa

010 ## - LIBRARY OF CONGRESS CONTROL NUMBER

  • LC control number: n 50000039

035 ## - SYSTEM CONTROL NUMBER

  • System control number: (OCoLC)oca00035778

040 ## - CATALOGING SOURCE

  • Original cataloging agency: DLC
  • Language of cataloging: eng
  • Description conventions: rda
  • Transcribing agency: DLC
  • Modifying agency: OCoLC
  • Modifying agency: OkU
  • Modifying agency: OrU
  • Modifying agency: DNLM
  • Modifying agency: HU

046 ## - SPECIAL CODED DATES

  • Birth date: 1898-07-04
  • Death date: 1988-11
  • Source of date scheme: edtf

100 1# - HEADING--PERSONAL NAME

  • Personal name: Hurlock, Elizabeth B.
  • Fuller form of name: (Elizabeth Bergner),
  • Dates associated with a name: 1898-1988

378 ## - FULLER FORM OF PERSONAL NAME

  • Fuller form of personal name: Elizabeth Bergner

400 1# - SEE FROM TRACING--PERSONAL NAME

  • Personal name: Beckman, Elizabeth Bergner Hurlock,
  • Dates associated with a name: 1898-1988

400 1# - SEE FROM TRACING--PERSONAL NAME

  • Personal name: Hārluk, Ilīzābit,
  • Dates associated with a name: 1898-1988

400 1# - SEE FROM TRACING--PERSONAL NAME

  • Personal name: Hārokku, E. B.
  • Fuller form of name: (Erizabesu B.),
  • Dates associated with a name: 1898-1988

400 1# - SEE FROM TRACING--PERSONAL NAME

  • Personal name: Hārokku, Erizabesu B.,
  • Dates associated with a name: 1898-1988

400 1# - SEE FROM TRACING--PERSONAL NAME

  • Personal name: Heluoge,
  • Dates associated with a name: 1898-1988

400 1# - SEE FROM TRACING--PERSONAL NAME

  • Personal name: Heluoke,
  • Dates associated with a name: 1898-1988

670 ## - SOURCE DATA FOUND

  • Source citation: The value of praise and reproof as incentives ... 1924.

670 ## - SOURCE DATA FOUND

  • Source citation: OCLC, Sept. 25, 2007
  • Information found: (hdgs.: Hurlock, Elizabeth Bergner, 1898- ; Hurlock, Elizabeth B., 1898- ; usage: Elizabeth Bergner Hurlock; Elizabeth B. Hurlock)

670 ## - SOURCE DATA FOUND

  • Source citation: Who's who in America, v. 40:
  • Information found: (b. July 4, 1898; married name Beckman)

670 ## - SOURCE DATA FOUND

  • Source citation: Social Security death index online, July 1, 2011:
  • Information found: (d. Nov. 1988)

670 ## - SOURCE DATA FOUND

  • Source citation: OCLC, July 1, 2011:
  • Information found: (usage: Elizabeth B. Hurlock [predom.], Erizabesu B. Hārokku, E.B. Hārokku, Heluoke, Heluoge, Ilīzābit Hārluk)

670 ## - SOURCE DATA FOUND

  • Source citation: Information from 678 field, converted May 17, 2018
  • Information found: (Ph.D.; Graduate School of Education, Univ. of Pennsylvania)

Powered by Koha